ბათუმის შოთა რუსთაველის სახელმწიფო უნივერსიტეტის ბიბლიოთეკა

ექსპერტიზის დანიშვნის საფუძველი,სახეები და ექსპერტის წინაშე დასასმელი კითხვები გამოძიების პროცესში (ბიბ.ჩანაწერი № 43855)

000 -LEADER
fixed length control field 01285nam a2200253Ia 4500
001 - CONTROL NUMBER
control field 10603
003 - CONTROL NUMBER IDENTIFIER
control field GE_BSU
008 - FIXED-LENGTH DATA ELEMENTS--GENERAL INFORMATION
fixed length control field 181216s||||||||xx |||||||||||||| ||und||
020 ## - INTERNATIONAL STANDARD BOOK NUMBER
International Standard Book Number 9789941932229
040 ## - CATALOGING SOURCE
Transcribing agency GE_BSU
080 ## - UNIVERSAL DECIMAL CLASSIFICATION NUMBER
Universal Decimal Classification number 340.6+343.132
100 ## - MAIN ENTRY--PERSONAL NAME
Personal name ლომსაძე,მალხაზ
245 ## - TITLE STATEMENT
Title ექსპერტიზის დანიშვნის საფუძველი,სახეები და ექსპერტის წინაშე დასასმელი კითხვები გამოძიების პროცესში
250 ## - EDITION STATEMENT
Edition statement მე–3 შესწორებული და გადამუშ.გამოც.
260 ## - PUBLICATION, DISTRIBUTION, ETC.
Place of publication, distribution, etc. თბილისი
260 ## - PUBLICATION, DISTRIBUTION, ETC.
Name of publisher, distributor, etc. ბონა კაუზა
260 ## - PUBLICATION, DISTRIBUTION, ETC.
Date of publication, distribution, etc. 2013
300 ## - PHYSICAL DESCRIPTION
Extent 172გვ;20სმ.
300 ## - PHYSICAL DESCRIPTION
Other physical details ბიბლიოგრ.გვ:165–167
520 ## - SUMMARY, ETC.
Summary, etc. იურისტის ბიბლიოთეკა
653 ## - INDEX TERM--UNCONTROLLED
Uncontrolled term ექსპერტიზის დანიშვნის საფუძველი,სახეები და ექსპერტის წინაშე დასასმელი კითხვები გამოძიების პროცესში
942 ## - ADDED ENTRY ELEMENTS (KOHA)
Koha item type წიგნი
ეგზემპლარები
Withdrawn status Lost status Damaged status Not for loan Date acquired Barcode Date last seen Price effective from Koha item type
        2018-12-17 34795 2018-12-17 2018-12-17 წიგნი
        2018-12-17 34796 2018-12-17 2018-12-17 წიგნი
        2018-12-17 34797 2018-12-17 2018-12-17 წიგნი
        2018-12-17 34798 2018-12-17 2018-12-17 წიგნი
        2018-12-17 34799 2018-12-17 2018-12-17 წიგნი